00480nam a2200145Ia 4500008004100000041000800041082001500049100002000064245002800084260004400112300002400156365000900180999001700189952012800206240624s9999 xx 000 0 und d aeng a332.63 FAB aFABOZZI FRANK J aFIXED INCOME SECURITIES c2001aPennsylvaniabJohn Wiley and Sons a464 : p. : cm. ; 24 cb30 c11121d11121 00104070aIMTNbIMTNcRack 11-Ad2008-10-15eBWEg89.95n4875o332.63 FABp11121r2024-06-24 00:00:00t48w2024-06-24yBK